000 00697nam a2200289Ia 4500
005 20260324131300.0
008 008 260324s9999 xx 000 0 eng d
020 _a9781003151265
037 _aEBOOK
040 _aCRL
040 _beng
040 _cCRL
041 _2eng
041 _aeng
084 _qCRL
100 _aJerry Yudelson
_91179328
245 0 _aMarketing Green Buildings
245 0 _bGuide for Engineering, Construction and Architecture
260 _bTaylor and Francis
260 _c2006
365 _a
365 _b275
856 _uhttp://www.taylorfrancis.com/books/9781003151265
942 _cEBOOK
999 _c1781925
_d1781925